| 000 | 01423cam a2200385 a 4500 | ||
|---|---|---|---|
| 090 | _c0 | ||
| 001 | 14694422 | ||
| 005 | 20080212170724.0 | ||
| 008 | 070111s2007 enk b 001 0 eng | ||
| 010 | _a2007001405 | ||
| 015 |
_aGBA704732 _2bnb |
||
| 016 | 7 |
_a013645712 _2Uk |
|
| 020 | _a9780826496096 | ||
| 020 | _a0826496091 | ||
| 020 | _a9780826495600 | ||
| 020 | _a0826495605 | ||
| 035 | _a(OCoLC)ocm80180121 | ||
| 035 | _a(OCoLC)80180121 | ||
| 040 |
_aDLC _cDLC _dBAKER _dBTCTA _dUKM _dYDXCP _dC#P _dIXA _dDLC |
||
| 050 | 0 | 0 |
_aBJ301 _b.R43 2007 |
| 082 | 0 | 0 |
_a128 _222 _bREA |
| 100 | 1 |
_aRead, Rupert J., _d1966- |
|
| 245 | 1 | 0 |
_aPhilosophy for Life / _cRupert Read ; edited by M.A. Lavery. |
| 260 |
_aLondon ; _aNew York : _bContinuum, _cc2007. |
||
| 300 |
_axii, 165 p. ; _c20 cm. |
||
| 504 | _aIncludes bibliographical references (p. [155]-162) and index. | ||
| 505 | 0 | _aEnvironment -- Religion -- Politics -- Art. | |
| 650 | 0 | _aEthics. | |
| 650 | 0 | _aConduct of life. | |
| 700 | 1 | _aLavery, M. A. | |
| 856 | 4 | 1 |
_3Table of contents only _uhttp://www.loc.gov/catdir/toc/ecip079/2007001405.html |
| 942 |
_2ddc _cBB |
||
| 999 |
_c10567 _d10567 |
||